000 00457nab a2200145Ia 4500
003 ES-SlBCS
005 20210601131743.0
008 140529s1932 xxu||||| |||| 00| 0 fre d
041 _afre
100 1 _aFestugière, André Jean
_d, 1898-1982
_989489
245 0 0 _aRemarques sur les dieux grecs
_c André Jean Festugière
650 0 4 _aDioses Griegos
_9188604
773 0 _tVie Intelectuelle (La)
_gvol. 18, nº. 3, 1932, págs. 374-398
_wRev907
942 _cAR
999 _c568217
_d568217